000 00825nam a22002177a 4500
999 _c13426
_d13426
008 190314b ||||| |||| 00| 0 eng d
020 _a9781118840986
082 _22014
_aAV-Eb 363.11
_bM294
100 _aManuele, Fred A.
_937559
245 _aAdvanced Safety Management :
_bfocusing on Z10 and serious injury prevention /
_cFred A. Manuele
250 _aSecond Edition
260 _aCanada:
_bJohn Wiley & Sons, Incorporated,
_c©2014.
300 _a543 pages;
500 _aIncludes index.
650 _aIndustrial hygiene -- Management.
_937560
650 _aIndustrial safety -- Management.
_937561
650 _aWounds and injuries -- Prevention.
_937562
700 _aManuele, Fred A.
_937559
856 _yhttps://ebookcentral.proquest.com/lib/uniofmindanao-ebooks/detail.action?docID=1662676
942 _2ddc
_cEB